Vplyv vysokoenergetického žiarenia a vybraných plynných znečistenín na štruktúru a vlastnosti poly(3-alkyltiofénov) : Obh. 7.3.1997 /

Gespeichert in:
Bibliographische Detailangaben
1. Verfasser: Szabo, Ladislav (Verfasst von)
Format: Manuskript Buch
Sprache:Slowakisch
Veröffentlicht: Bratislava : STU v Bratislave ChtF, 1996
Tags: Tag hinzufügen
Keine Tags, Fügen Sie das erste Tag hinzu!

MARC

LEADER 00000ntm a22000003a 4500
001 stu24395
005 20150617225742.8
008 970424s1996----xo------------------slo-d
040 |a STU  |b slo 
041 0 |a slo 
044 |a xo 
080 |a 678.01+539.163.2(043.3) 
100 1 |a Szabo, Ladislav  |4 aut 
245 1 |a Vplyv vysokoenergetického žiarenia a vybraných plynných znečistenín na štruktúru a vlastnosti poly(3-alkyltiofénov) :  |b Obh. 7.3.1997 /  |c [aut.]Szabo,Ladislav 
260 |a Bratislava :  |b STU v Bratislave ChtF,  |c 1996 
300 |a 134 s :  |b Tab.,grafy,lit 
500 |a Katedra životného prostredia 
996 |b CKD363  |c C*KD363  |l CCI  |s A  |a 24  |w stu24395_0001